| Tag |
First Indicator |
Second Indicator |
Subfields |
| LEADER |
00000pam a2200000 a 4500 |
| 001 |
in00001663749 |
| 005 |
20151023125533.0 |
| 008 |
000515s2001 mau 001 0 eng |
| 010 |
|
|
|a 00040697
|
| 020 |
|
|
|a 0072314079 (alk. paper)
|
| 035 |
|
|
|a (OCoLC)ocm44089261
|
| 040 |
|
|
|a DLC
|c DLC
|d TXA
|d UtOrBLW
|
| 043 |
|
|
|a n-us---
|
| 049 |
|
|
|a TXAM
|
| 050 |
0 |
0 |
|a KF888
|b .B8 2001
|
| 082 |
0 |
0 |
|a 346.7307
|2 21
|
| 245 |
0 |
0 |
|a Business law and the regulatory environment :
|b concepts and cases /
|c Jane P. Mallor [and others].
|
| 250 |
|
|
|a 11th ed.
|
| 264 |
|
1 |
|a Boston :
|b Irwin/McGraw-Hill,
|c [2001]
|
| 264 |
|
4 |
|c ©2001
|
| 300 |
|
|
|a xxviii, 1331 pages ;
|c 26 cm.
|
| 336 |
|
|
|a text
|b txt
|2 rdacontent
|
| 337 |
|
|
|a unmediated
|b n
|2 rdamedia
|
| 338 |
|
|
|a volume
|b nc
|2 rdacarrier
|
| 490 |
1 |
|
|a Irwin/McGraw-Hill legal studies in business series
|
| 500 |
|
|
|a Includes index.
|
| 650 |
|
0 |
|a Commercial law
|z United States
|v Cases.
|
| 650 |
|
0 |
|a Commercial law
|z United States.
|
| 700 |
1 |
|
|a Mallor, Jane P.
|
| 830 |
|
0 |
|a Irwin/McGraw-Hill legal studies in business series.
|
| 994 |
|
|
|a E0
|b TXA
|
| 948 |
|
|
|a cataloged
|b h
|c 2002/2/21
|d c
|e bwalker
|f 8:15:01 am
|
| 999 |
|
|
|a MARS
|
| 999 |
f |
f |
|s 75c75d7d-9270-3de0-83a6-10fa7f3ffa1a
|i 79e192ef-d511-38de-a5b6-c22aa8c2463f
|t 0
|
| 952 |
f |
f |
|p ric
|a Texas A&M University
|b Rellis Campus
|c Joint Library Facility
|d Remote Storage
|t 0
|e KF888 .B8 2001
|h Library of Congress classification
|i unmediated -- volume
|m A14828468643
|
| 998 |
f |
f |
|a KF888 .B8 2001
|t 0
|l Remote Storage
|